Robotický systém na lúštenie Rubikovej kocky

Gespeichert in:
Bibliographische Detailangaben
1. Verfasser: Zúbek, Filip (Verfasst von)
Weitere Verfasser: Slačka, Juraj (Betreuung Doktorarbeit)
Format: Manuskript Buch
Sprache:Slowakisch
Veröffentlicht: 2019
Schlagworte:
Online-Zugang:http://is.stuba.sk/zp/portal_zp.pl?podrobnosti=135450
Tags: Tag hinzufügen
Keine Tags, Fügen Sie das erste Tag hinzu!

MARC

LEADER 00000ntm a22000003a 4500
001 stuzp71788
003 SK-STU
005 20190718150108.6
007 ta
008 150427s2015----xo-----f-mn---000-0-slo-d
040 |a STU  |b slo 
041 0 |a slo 
044 |a xo 
100 1 |a Zúbek, Filip  |u 031000  |4 aut  |U FEI Fakulta elektrotechniky a informatiky  |T FEI Ústav robotiky a kybernetiky  |X 86458  |U E011  |Y 356  |7 86458 
242 0 1 |a Robotic Rubic cube solver  |y eng 
245 1 0 |a Robotický systém na lúštenie Rubikovej kocky 
260 |c 2019 
300 |a 47 s.,  |b CD-ROM 
650 4 |a Rubiková kocka  |2 slo 
650 4 |a robot  |2 slo 
650 4 |a lúštenie  |2 slo 
650 4 |a rasberry pi  |2 slo 
650 4 |a krokový motor  |2 slo 
650 4 |a servo motor  |2 slo 
650 4 |a Beginner metoda  |2 slo 
650 4 |a CFOP  |2 slo 
650 4 |a Kociemba  |2 slo 
650 4 |a solving  |2 eng 
650 4 |a robot  |2 eng 
650 4 |a Rubik cube  |2 eng 
650 4 |a raspberry pi  |2 eng 
650 4 |a Beginner method  |2 eng 
650 4 |a CFOP  |2 eng 
650 4 |a Kociemba  |2 eng 
650 4 |a stepper motor  |2 eng 
650 4 |a servo motor  |2 eng 
700 1 |a Slačka, Juraj  |u 031000  |k Z1  |4 ths  |U FEI Fakulta elektrotechniky a informatiky  |T FEI Ústav robotiky a kybernetiky  |X 50837  |U E011  |Y 356  |7 A000050837 
856 4 |u http://is.stuba.sk/zp/portal_zp.pl?podrobnosti=135450 
996 |b 284ER02886  |c E*Bc- 2886  |l EE31  |s P  |a 0  |w stuzp71788_0001